000 01640cam a22003491i 4500
003 SA-RiAUC
005 20251116133045.0
008 251113s2001 mr g b i000k0 ara c
020 _a9981262706
040 _aSA-RiAUC
_bara
_cSA-RiAUC
_dSA-MAUQU
_erda
041 0 _aara
_aeng
_afre
082 0 4 _a212
_qSA-RiAUC
090 _a212
_bت و ي
100 1 _aالتويجري، عبد العزيز بن عثمان،
_d1369 هجري-
_eمؤلف.
245 1 2 _aالتربية السياسية في الإسلام =
_bpolitical education in Islam /
_cعبد العزيز بن عثمان التويجري.
246 3 1 _aPolitical education in Islam
250 _aالطبعة الأولى.
264 1 _aالرباط :
_bالمنظمة الإسلامية للتربية والعلوم والثقافة-إيسيسكو،
_c2001
300 _a22 ،45 صفحة ؛
_c22 سم.
336 _aنص
_btxt
_2rdacontent
_3كتاب
337 _aبدون وسيط
_bn
_2rdamedia
338 _aمجلد
_bnc
_2rdacarrier
490 0 _aمنشورات المنظمة الإسلامية للتربية والعلوم والثقافة
504 _aيشتمل على ببليوجرافيات.
546 _aالنص باللغات العربية والإنجليزية والفرنسية.
610 2 7 _aالمنظمة الإسلامية للتربية والعلوم والثقافة
_2aucnm
650 7 _aالإسلام والإصلاح السياسي
_2aucsh
650 7 _aالتربية الإسلامية
_2aucsh
650 7 _aالإسلام
_xجوانب سياسية
_2aucsh
942 _2ddc
_cBOOK
_n0
949 _aSA-JeALM
_d251113
_umohamedma123
_n1
999 _c13285
_d13285